Em Pauta

Detalles Bibliográficos
Formato: eBook
Lenguaje:inglés
Publicado: Rio de Janeiro: Universidade do Estado do Rio de Janeiro- Uerj, 2013 -
Materias:
Acceso en línea:Acceso restringido

MARC

LEADER 00000nam a22000007a 4500
005 20191022235129.0
007 cr|||| ||||
008 191022c20139999br fr|w s|||| 0|||b1eng d
022 |a 2238-3786 
035 |a 22668 
040 |a vLex 
090 |c 9943  |d 9943 
245 0 0 |a Em Pauta  |h [Recurso electrn̤ico] / 
256 |a Servicio en ln̕ea 
260 |a Rio de Janeiro:  |b Universidade do Estado do Rio de Janeiro- Uerj,  |c 2013 - 
300 |a 1 recurso electrn̤ico 
310 |a Semestral 
506 1 |a Disponible solo en los productos indicados  |d vLex Global  |d vLex Global (Academic Edition, excluding Law Schools)  |d vLex Global (U.S. Academic Edition, Law Schools)  |d vLex Global (U.S. Academic Edition, excluding Law Schools)  |d vLex Global (Academic Edition, Law Schools) 
650 0 4 |a Economa̕ y negocios  |z Brasil 
740 0 |a vLex Revistas (Servicio en ln̕ea) 
856 4 0 |u http://vlex.com/source/em-pauta-22668  |z Acceso restringido 
942 |c REV 
999 0 |a Economy and business